Polymer self-diffusion in entangled systems (1984 reviews) (Record no. 65267)

MARC details
000 -LEADER
fixed length control field 00372nam a2200133Ia 4500
100 ## - MAIN ENTRY--AUTHOR NAME
Personal name Tirrell Matthew
245 #0 - TITLE STATEMENT
Title Polymer self-diffusion in entangled systems (1984 reviews)
260 ## - PUBLICATION, DISTRIBUTION, ETC. (IMPRINT)
Name of publisher Rubber Chemistry and Technology
Year of publication 1984
300 ## - PHYSICAL DESCRIPTION
Number of Pages 523-556
650 ## - SUBJECT ADDED ENTRY--TOPICAL TERM
Topical Term 1984 reviews
650 ## - SUBJECT ADDED ENTRY--TOPICAL TERM
Topical Term Self-diffusion
942 ## - ADDED ENTRY ELEMENTS (KOHA)
Koha item type Journals
Holdings
Withdrawn status Lost status Damaged status Not for loan Home library Current library Shelving location Date acquired Serial Enumeration / chronology Koha item type
      Journals RRII Library RRII Library Rubber chemistry 17/12/2021 Volume 57, Issue 3 Journals